| 000 | 01077cad a22002175a 4500 | ||
|---|---|---|---|
| 001 | L141463 | ||
| 008 | 071126s20071019xxkd f 000 0 eng d | ||
| 035 | _a(Sirsi) u141463 | ||
| 041 | 0 | _aeng | |
| 050 | 0 | 4 | _a301.362 $2 18 |
| 110 | 2 |
_aRoyal Institution of Chartered Surveyors _94900 |
|
| 245 | 0 | 0 | _aSustaining our suburbs |
| 260 |
_aLondon _bRICS _c2007 |
||
| 520 | _aExamines the suburban context in order to discover what policy and practice solutions might best be developed to meet the policy and ambitions of the UK government. The policy areas addressed are climate change, social cohesion, affordable housing and sustainable development. Explains that current development within the UK will be delivered in a suburban context. It is essential to understand this in order to avoid repeating the mistakes of the past. | ||
| 590 | _aKA | ||
| 651 | 4 |
_aUnited Kingdom _y |
|
| 690 | _aENVIRONMENTAL AND LAND CONSULTANCY-PLANNING AND DEVELOPMENT | ||
| 710 | 2 | _aZero Zero Research | |
| 710 | 2 |
_aCommission for Architecture and the Built Environment _94058 |
|
| 942 | _n0 | ||
| 999 |
_c107677 _d107677 |
||